" La Discriminación Laboral de las mujeres policías y su incidencia en las funciones de la Policía Nacional Civil ". Investigación a realizarse en la ciudad de Zacatecoluca, departamento de La Paz; en el periodo comprendido entre los meses de julio de 2016 a febrero de 2017 (Registro nro. 11660)

Detalles MARC
000 -LEADER
fixed length control field 00932nam a2200205Ia 4500
005 - FECHA Y HORA DE LA ÚLTIMA TRANSACCIÓN
control field 20240513182950.0
008 - FIXED-LENGTH DATA ELEMENTS--GENERAL INFORMATION
fixed length control field 240513s9999 xx 000 0 und d
040 ## - CATALOGING SOURCE
Original cataloging agency UPAN
Transcribing agency Biblioteca San Vicente
Description conventions RCAA2
041 ## - LANGUAGE CODE
Language code of text/sound track or separate title spa
082 ## - DEWEY DECIMAL CLASSIFICATION NUMBER
Classification number 305.42
Item number Gom
año de publicación 2017
100 ## - MAIN ENTRY--PERSONAL NAME
Personal name Gómez Cañas, Juan Alberto
Relator code aut.
245 #0 - TITLE STATEMENT
Title " La Discriminación Laboral de las mujeres policías y su incidencia en las funciones de la Policía Nacional Civil ". Investigación a realizarse en la ciudad de Zacatecoluca, departamento de La Paz; en el periodo comprendido entre los meses de julio de 2016 a febrero de 2017
260 ## - PUBLICATION, DISTRIBUTION, ETC. (IMPRINT)
Place of publication, distribution, etc San Vicente:
Name of publisher, distributor, etc Universidad Panamericana,
Date of publication, distribution, etc 2017
300 ## - PHYSICAL DESCRIPTION
Extent 165 p.;
Dimensions 28 cm.
650 ## - SUBJECT ADDED ENTRY--TOPICAL TERM
Source of heading or term LEMB
Topical term or geographic name as entry element Discriminación laboral
General subdivision Mujeres policías
700 ## - ADDED ENTRY--PERSONAL NAME
Personal name Martínez Laínez, José Reynaldo;
Relator code aut.
700 ## - ADDED ENTRY--PERSONAL NAME
Personal name Trujillo Pérez, Julio Cesar;
Relator code aut.
700 ## - ADDED ENTRY--PERSONAL NAME
Personal name Rolin Jiménez, Elmer Edgardo
Relator code aut.
942 ## - ADDED ENTRY ELEMENTS (KOHA)
Koha item type Libros
Source of classification or shelving scheme Dewey Decimal Classification
Existencias
Withdrawn status Lost status Source of classification or shelving scheme Damaged status Not for loan Collection code Home library Current library Date acquired Total Checkouts Full call number Barcode Date last seen Copy number Price effective from Koha item type
    Dewey Decimal Classification     Tesario Biblioteca UPAN San Vicente Biblioteca UPAN San Vicente 13/05/2024   305.42 Gom 12101478 13/05/2024 01 13/05/2024 Trabajos de Grado